| 000 | 00447nam a2200157 a 4500 | ||
|---|---|---|---|
| 001 | 000038652 | ||
| 005 | 20240305135410.0 | ||
| 008 | 130417s1979 sp 000 0 spa d | ||
| 020 | _a8401441064 | ||
| 040 |
_aDO-SdBNP _bspa _cBNPHU |
||
| 100 | 1 |
_aGarcía Márquez, Gabriel, _b1928-2014 _91804 |
|
| 245 | 1 | 3 |
_aLa hojarasca / _cGabriel García Márquez. |
| 250 | _a7a. ed. | ||
| 260 |
_aBarcelona : _bPlaza Janes, _c1979. |
||
| 300 |
_a140 p. ; _c19 cm. |
||
| 999 |
_c38142 _d38142 |
||